000 00417nam a2200157Ia 4500
003 GCL
008 140319s9999 xx 000 0 eng d
040 _aGCL /
_cGCL
082 0 4 _a722.6
_bP E
100 1 _aPORPHYRIOS, DEMETRI
245 1 0 _aCLASSICAL ARCHITECTURE /
_cPORPHYRIOS, DEMETRI
260 _a[S.N] :
_bACADEMY EDITIONS ،
_c1991
300 _a154 P
650 0 4 _aARCHITECTURE, CLASSICAL
942 _2ddc
_cBK
999 _c11093
_d11093